Filosofía de la ciencia/Rubén Herce (Registro nro. 18639)

Detalles MARC
000 -LEADER
fixed length control field 00441nam a22001811a 4500
001 - CONTROL NUMBER
control field 18639
003 - CONTROL NUMBER IDENTIFIER
control field OSt
005 - DATE AND TIME OF LATEST TRANSACTION
control field 20260204212415.0
008 - FIXED-LENGTH DATA ELEMENTS--GENERAL INFORMATION
fixed length control field 180413s2016||||spa||||||b||||||||||spa||
020 ## - NUMERO DE LIBRO INTERNACIONAL NORMALIZADO
International Standard Book Number 9788431331085
082 ## - DEWEY DECIMAL CLASSIFICATION NUMBER
Classification number 100 H539f
100 ## - ASIENTO PRINCIPAL -- NOMBRE PERSONAL
Personal name Herce,Rubén
245 ## - TÍTULO PROPIAMENTE DICHO: SUBTÍTULO
Title Filosofía de la ciencia/Rubén Herce
264 ## - PRODUCTION, PUBLICATION, DISTRIBUTION, MANUFACTURE, AND COPYRIGHT NOTICE
Place of production, publication, distribution, manufacture Pamplona:Universidad de Navarra
300 ## - PHYSICAL DESCRIPTION
Extensión 130 p
650 ## - ASIENTO SECUNDARIO DE MATERIA -- TERMINO TEMÁTICO
Termino Temático Como Elemento de Entrada Filosofía-CienciaÌ
942 ## - ADDED ENTRY ELEMENTS (KOHA)
Source of classification or shelving scheme Dewey Decimal Classification
Koha item type Libros
Existencias
Withdrawn status Lost status Source of classification or shelving scheme Damaged status Not for loan Current library Date acquired Total Checkouts Full call number Barcode Date last seen Price effective from Koha item type
    Dewey Decimal Classification     Biblioteca UTECO 09/09/2019   100 H539F 018123 09/09/2019 09/09/2019 Libros
    Dewey Decimal Classification     Biblioteca UTECO 09/09/2019   100 H539F 018124 09/09/2019 09/09/2019 Libros
    Dewey Decimal Classification     Biblioteca UTECO 09/09/2019   100 H539F 018125 09/09/2019 09/09/2019 Libros
© 2021 Derechos Reservados UTECO - Teléfono: +1 809-585-2291 - Correo electrónico: biblioteca@uteco.edu.do​  
Código postal 43000 ​​
Dirección: Avenida Universitaria No. 100, 
Cotuí, Provincia Sánchez Ramírez, República Dominicana - RNC: 404-00059-6